00784nam a2200241Ia 450000500170000000800410001702000190005808200170007710000210009424500520011525000390016730000410020649000230024765000180027065000190028865000240030765000390033126400490037033600270041933700330044633800280047904000350050720220317001151.0160825s2007 mx a g 000 0 spa  a9789681666201204a535.2 bM14o1 aMalacara, Daniel10aÓptica tradicional y modernacDaniel Malacara a3a. edición b1a. reimpresión  a126 páginasbilustracionesc21 cm  aCiencia para todos142LEMBaOptica 142LEMBaLáser 142LEMBaHolografía 142LEMBaProcesamiento de imágenes  aMéxicobFondo de Cultura Económicac2007 atextobtxt2rdacontent asin mediaciónbn2rdamedia avolumenbnc2rdacarrier aCO-BoRNBPbspaerdacCO-BoRNBP